| 000 | 00000nam##2200000za#4500 |
| 001 | 9.606306 |
| 003 | CaOODSP |
| 005 | 20210624212548 |
| 007 | cr ||||||||||| |
| 008 | 150406|2014||||xxc|||||o f|0| 0 fre|d |
| 020 | |a978-0-660-21445-0 |
| 040 | |aCaOODSP|bfre |
| 043 | |an-cn--- |
| 086 | 1 |aM103-1/4-2014F-PDF |
| 110 | 1 |aCanada.|bRessources naturelles Canada. |bGéomatique Canada. |
| 245 | 13|aLe GeohashTree - une structure de données multi-résolution pour la gestion des nuages de points / |h[ressource électronique]|c[par] N. Sabo, A. Beaulieu, D. Bélanger, Y. Belzile et B. Piché. |
| 260 | |aOttawa - Ontario : |bRessources naturelles Canada. |c2014. |
| 300 | |a17p.|bfigures, références, tableau |
| 590 | |a15-02|b2015-01-09 |
| 775 | 08|tThe GeoHashTree - a multi-resolution data structure for the management of point clouds / |w(CaOODSP)9.578497 |
| 856 | 40|ahttp://publications.gc.ca|qPDF|s2.81 Mo|uhttps://publications.gc.ca/collections/collection_2015/rncan-nrcan/M103-1-4-2014-fra.pdf|yN° 4 |